Pork Eschewing Countries - Statistics

General Stats
  • This quiz has been taken 1,128 times
  • The average score is 19 of 30
Answer Stats
kg Answer % Correct
0 Saudi Arabia
93%
0 Iran
91%
0 Egypt
89%
0 Pakistan
89%
0 Algeria
85%
0 Yemen
85%
0 Morocco
82%
0 UAE
82%
0 Libya
80%
0 Sudan
79%
0 Syria
79%
0 Tunisia
79%
0 Turkey
78%
0 Jordan
74%
0.1 Chad
72%
0.1 Niger
71%
0.2 Mali
70%
0.3 India
68%
0 Bangladesh
66%
0 Mauritania
64%
0 Ethiopia
53%
0.2 Djibouti
51%
0.1 Turkmenistan
48%
0 Comoros
34%
0.4 Kenya
32%
0.1 Sri Lanka
32%
0.4 Gambia
30%
0.4 Tanzania
26%
0.2 Guinea
25%
0.2 Mongolia
17%
No matching quizzes found
Score Distribution
Percent of People with Each Score
Percentile by Number Answered
Your Score History
You have not taken this quiz